000 00719cab a2200265 4500
001 ABS60463
008 090401t1999 xxu||||| |||| 00| 0 eng d
035 _a(Sirsi) u93104
041 _aeng
100 _aDavey, J,
245 _aBluewater opens floodgates for rateable value revaluations
260 _c1999
350 _a0
490 _aProperty Week
_v64 (16) 23 April 1999, 8(1)
650 _aDISCOUNTS
650 _aOUT-OF-TOWN
650 _aRATEABLE VALUE
650 _aREDUCTIONS
650 _aRETAIL PROPERTY
650 _aSHOPPING CENTRES
650 _aTOWN CENTRES
690 _aPROPERTY-COMMERCIAL PROPERTY-COMMERCIAL PROPERTY APPRAISAL AND VALUATION
942 _n0
948 _c30/04/1999
999 _c59006
_d59006